| 000 | 00390nam a22001457a 4500 | ||
|---|---|---|---|
| 008 | 250506b |||||||| |||| 00| 0 eng d | ||
| 020 | _a9780702077630 | ||
| 050 |
_aRM300 _b.P34 |
||
| 100 | _aPage Catrin | ||
| 245 | _aNursing Essentials Drugs | ||
| 260 |
_aPhiladelphia _bClsevier _c2020 |
||
| 300 |
_avii, 80p. _billustration |
||
| 650 |
_aDrugs - Administration _vPharmacology |
||
| 942 | _cBK | ||
| 999 |
_c3331 _d3331 |
||